| Tag |
First Indicator |
Second Indicator |
Subfields |
| LEADER |
00000cam a2200000 a 4500 |
| 001 |
in00001406628 |
| 005 |
20151020072821.0 |
| 008 |
971105s1998 maua bc 000 0 eng |
| 010 |
|
|
|a 97046323
|
| 020 |
|
|
|a 0931102405 (paper)
|
| 035 |
|
|
|a (OCoLC)37935241
|
| 035 |
|
|
|9 AHQ3573AM
|
| 040 |
|
|
|a DLC
|c DLC
|d TXA
|d UtOrBLW
|
| 043 |
|
|
|a e-uk-en
|
| 049 |
|
|
|a TXAM
|
| 050 |
0 |
0 |
|a TR6.G72
|b H39 1998
|
| 082 |
0 |
0 |
|a 779/.07421/34
|2 21
|
| 100 |
1 |
|
|a Haworth-Booth, Mark.
|
| 245 |
1 |
4 |
|a The museum & the photograph :
|b collecting photography at the Victoria and Albert Museum, 1853-1900 /
|c Mark Haworth-Booth, Anne McCauley.
|
| 246 |
3 |
|
|a Museum and the photograph
|
| 264 |
|
1 |
|a Williamstown, Mass. :
|b Sterling and Francine Clark Art Institute,
|c [1998]
|
| 264 |
|
4 |
|c ©1998
|
| 300 |
|
|
|a 80 pages :
|b illustrations ;
|c 23 cm.
|
| 336 |
|
|
|a text
|b txt
|2 rdacontent
|
| 337 |
|
|
|a unmediated
|b n
|2 rdamedia
|
| 338 |
|
|
|a volume
|b nc
|2 rdacarrier
|
| 500 |
|
|
|a "Published in conjunction with the exhibition ... on view at the Sterling and Francine Clark Art Institute, Williamstown, Massachusetts, February 14 through May 3, 1998"--Title page verso.
|
| 504 |
|
|
|a Includes bibliographical references (pages 65-70).
|
| 610 |
2 |
0 |
|a Victoria and Albert Museum
|x Photograph collections
|x Exhibitions.
|
| 650 |
|
0 |
|a Photography
|x History
|y 19th century
|v Exhibitions.
|
| 650 |
|
0 |
|a Photograph collections
|z England
|z London
|x Exhibitions.
|
| 700 |
1 |
|
|a McCauley, Elizabeth Anne.
|
| 710 |
2 |
|
|a Victoria and Albert Museum.
|
| 710 |
2 |
|
|a Sterling and Francine Clark Art Institute.
|
| 948 |
|
|
|a c:en
|
| 999 |
|
|
|a MARS
|
| 999 |
f |
f |
|s db4b837d-ecb4-35dd-8586-38ba17610332
|i a2f4181a-d02e-3ff0-9983-172a5a4bd4b9
|t 0
|
| 952 |
f |
f |
|p ric
|a Texas A&M University
|b Rellis Campus
|c Joint Library Facility
|d Remote Storage
|t 0
|e TR6.G72 H39 1998
|h Library of Congress classification
|i unmediated -- volume
|m A14823317596
|
| 998 |
f |
f |
|a TR6.G72 H39 1998
|t 0
|l Remote Storage
|